Els Documents del mil·lenari de Rubí / transcripció, traducció i comentaris breus dels documents de l'any 986 d.C. per Josep Ollé i Pous
Descripción Física:
[28] p. ; 29 cm
Materias:
Rubí -- Història -- 986/1986 -- Fonts
MARC
| LEADER | 00000nam a2200000Ia 4500 | ||
|---|---|---|---|
| 001 | 12661 | ||
| 003 | BGR | ||
| 005 | 20260324175306.0 | ||
| 008 | 160829s1986 xx 000 0 cat d | ||
| 080 | |a FU-29-8 | ||
| 100 | |a Ollé i Pous, Josep |9 25215 | ||
| 245 | |a Els Documents del mil·lenari de Rubí / transcripció, traducció i comentaris breus dels documents de l'any 986 d.C. per Josep Ollé i Pous | ||
| 260 | |a Rubí : |b Agrupació d'Estudis Rubinencs Rivo Rubeo, |c 1986 | ||
| 300 | |a [28] p. ; |c 29 cm | ||
| 650 | |a Rubí |x Història |x 986/1986 |x Fonts |9 25216 | ||
| 710 | 2 | |9 70112 |a Agrupació d'Estudis Rubinencs Rivo Rubeo | |
| 901 | |a Arxiu | ||
| 942 | |n 1 |2 udc |c MON | ||
| 952 | |0 0 |1 0 |4 0 |6 FU298 |7 1 |9 43507 |a Arxiu |b Arxiu |d 2016-12-01 |l 0 |o FU-29-8 |p 12661 |r 2016-12-01 00:00:00 |w 2016-12-01 |y ARXIU | ||
| 999 | |c 46053 |d 46053 | ||